Konfrontácia postojov obyvateľov členských a kandidátskych krajín k rozšíreniu Európskej únie

Porovnanie postojov - členov EÚ i kandidátov do EÚ, do akej miery sa ich očakávania zhodujú. Podpora rozšírenia EÚ medzi jej občanmi. Preferencie členských štátov EÚ voči kandidátskym krajinám. Postoje občanov kandidátskych krajín EÚ. Význam predvstupových kritérií z pohľadu EÚ.

Uložené v:
Podrobná bibliografia
Hlavný autor: Šaková, Beáta
Médium: Kapitola
Jazyk:Slovak
Predmet:
Tagy: Pridať tag
Žiadne tagy, Buďte prvý, kto otaguje tento záznam!

MARC

LEADER 00000naa a2200000 4500
001 r045382
005 20230918081746.7
041 0 |a slo 
044 |a SK 
245 1 0 |a Konfrontácia postojov obyvateľov členských a kandidátskych krajín k rozšíreniu Európskej únie  |c Beáta Šaková 
520 |a Porovnanie postojov - členov EÚ i kandidátov do EÚ, do akej miery sa ich očakávania zhodujú. Podpora rozšírenia EÚ medzi jej občanmi. Preferencie členských štátov EÚ voči kandidátskym krajinám. Postoje občanov kandidátskych krajín EÚ. Význam predvstupových kritérií z pohľadu EÚ. 
610 2 0 |a Európska únia 
610 2 0 |a integrácia 
610 2 0 |a SVE 
610 2 0 |a obyvateľstvo 
610 2 0 |a mienka verejná 
610 2 0 |a porovnanie medzinárodné 
100 1 |a Šaková, Beáta